Seven-Letter Things Quiz Stats

Quiz Updated Jan 9, 2017

Also try: Seven Deadly Sins
Challenge
Share
Tweet
Embed
Score 0/56 Timer 08:00
1 Play Today
% Correct
Jupiter
83%
Florida
81.6%
Mercury
81.4%
Germany
80.4%
Neptune
78.5%
Alabama
78.3%
Georgia
77.7%
Blitzen
72.4%
Arizona
71.2%
Finland
68.2%
New York
68%
Montana
66%
Prancer
65.4%
Ireland
65.1%
Wyoming
64.3%
Indiana
64.2%
Vermont
63.7%
Denmark
63.7%
Clinton
60.1%
Belgium
58.3%
Lincoln
57.5%
Austria
56.9%
Iceland
55%
Hungary
54.5%
Albania
52.1%
Estonia
51.2%
Kennedy
50.4%
Ontario
48%
% Correct
Andorra
47.8%
Johnson
47.8%
Packers
47.2%
Cowboys
46.5%
Croatia
45.7%
Jackson
45.2%
Romania
44.7%
Alberta
44.6%
Raiders
43.5%
Ukraine
42.7%
Madison
42.6%
Belarus
42.3%
Czechia
39.1%
Broncos
38.9%
Vikings
38.3%
Jaguars
37%
Falcons
36.3%
Bengals
35.7%
Moldova
32.2%
Harding
23.5%
Titanic
20.2%
Artemis
14.4%
Demeter
11.2%
Chicago
9.4%
Platoon
6.2%
Amadeus
5.3%
Rain Man
4.7%
Rebecca
3%

You're not logged in!

Compare scores with friends on all Sporcle quizzes.
Sign Up with Email
OR
Log In

You Might Also Like...

Show Comments

Extras

Top Quizzes Today


Score Distribution

Your Account Isn't Verified!

In order to create a playlist on Sporcle, you need to verify the email address you used during registration. Go to your Sporcle Settings to finish the process.